| 000 | 01719cam a2200289 4500 | ||
|---|---|---|---|
| 001 | ABS64714 | ||
| 008 | 011024n2001 000 0 eng u | ||
| 035 | _a(Sirsi) u115286 | ||
| 100 | _aMcKie, A | ||
| 245 | 4 | _aThe genie is out of the planning bottle | |
| 260 | _c2001 | ||
| 490 |
_aEstates Gazette _v(0141) 13 October 2001, 178-179(2) |
||
| 520 | _aExamines the impact of the European Convention on Human Rights (ECHR) and resulting Human Rights Act 1998 on those involved in the planning process. Emphasises that all planning authorities are now bound to comply with the ECHR or risk having their planning decisions open to legal challenge. Outlines the effect of Articles 1, 8 and 6 on the planning system, and discusses the cases, "County Properties v Scottish Ministers" and "R (on the application of Alconbury) v SoS Environment, Transport and the Regions" which addressed the compatibility of the planning appeal process with the ECHR. Also considers third-party rights of appeal and how strategic planning can minimise risks of an ECHR challenge. Concludes that developers and their advisers must keep abreast of relevant changes in the law to protect their interests. | ||
| 590 | _aABS | ||
| 650 | _aPLANNING AUTHORITIES | ||
| 650 | _aPLANNING DECISIONS | ||
| 650 | _aPLANNING SYSTEM | ||
| 650 | _aSTRATEGIC PLANNING | ||
| 650 | _aTHIRD-PARTY RIGHTS | ||
| 650 | _aPLANNING APPEALS | ||
| 650 | _aCONVENTION FOR THE PROTECTION OF HUMAN RIGHTS AND FUNDAMENTAL FREEDOMS ART 6 | ||
| 650 | _aHUMAN RIGHTS ACT 1998 | ||
| 650 | _aALCONBURY | ||
| 650 | _aCOUNTY PROPERTIES LTD V THE SCOTTISH MINISTERS | ||
| 690 | _aENVIRONMENTAL AND LAND CONSULTANCY-PLANNING AND DEVELOPMENT | ||
| 942 | _n0 | ||
| 999 |
_c68661 _d68661 |
||